000 00752nam a22002177a 4500
008 160728b xxu||||| |||| 00| 0 eng d
020 _a978-971-9617-82-2
082 _a2016
_2DFil 363.25
_bV66f
100 _912460
_aVicente, Jezreel B.
245 _aFundamentals of criminal investigation/
_cJezreel B. Vicente...[and four others]
250 _aSecond Edition
260 _aQuezon City:
_bWiseman's Books Trading, Inc.,
_cc2016.
300 _av, 226 pages:
_billustrations;
_c22 cm.
650 0 _912462
_aCriminal investigations.
700 _912463
_aEduardo, Jesster P.
700 _912464
_aCatalino, Marcelo G.
700 _912465
_aEstoque, Sammy B.
700 _912466
_aVicente, Rhescien Mae B.
365 _b398.00
_cPhp
942 _2ddc
_cDFIL
999 _c3742
_d3742